Statistics for Worldwide IATA Airport Codes Extreme

Click here to take the quiz!

General Stats

  • This quiz has been taken 21 times
  • The average score is 63 of 100

Answer Stats

HintAnswer% Correct
AmsterdamAMS
100%
AthensATH
100%
DublinDUB
100%
FrankfurtFRA
100%
Las VegasLAS
100%
Murtala Muhammed InternationalLOS
100%
Manchester InternationalMAN
100%
Melbourne TullamarineMEL
100%
MiamiMIA
100%
San FranciscoSFO
100%
SydneySYD
100%
ViennaVIE
100%
BangkokBKK
94%
New DelhiDEL
94%
EdinburghEDI
94%
London GatwickLGW
94%
Singapore ChangiSIN
94%
WarsawWAW
94%
BogotaBOG
88%
MumbaiBOM
88%
CancunCUN
88%
DubaiDXB
88%
HavanaHAV
88%
HelsinkiHEL
88%
Los AngelesLAX
88%
London HeathrowLHR
88%
BeijingPEK
88%
TorontoYYZ
88%
BarcelonaBCN
82%
BudapestBUD
82%
Washington Dulles InternationalIAD
82%
VancouverYVR
82%
AucklandAKL
76%
BahrainBAH
76%
CharlotteCLT
76%
Dallas/Fort WorthDFW
76%
DetroitDTW
76%
RomeFCO
76%
GlasgowGLA
76%
HanoiHAN
76%
HoustonIAH
76%
JerseyJER
76%
JohannesburgJNB
76%
MunichMUC
76%
OmahaOMA
76%
Bristol (UK)BRS
71%
DurbanDUR
71%
ManilaMNL
71%
Chicago O'HareORD
71%
London CityLCY
65%
PortoOPO
65%
BerlinTXL
65%
AdelaideADL
59%
Birmingham (UK)BHX
59%
GuangzhouCAN
59%
DubrovnikDBV
59%
TokyoHND
59%
LarnacaLCA
59%
RigaRIX
59%
Moscow SheremetyevoSVO
59%
Abu DhabiAUH
53%
Belfast InternationalBFS
53%
DarwinDRW
53%
MadeiraFNC
53%
LiverpoolLPL
53%
Ottawa InternationalYOW
53%
BelgradeBEG
47%
NashvilleBNA
47%
BrisbaneBNE
47%
NairobiNBO
47%
RaleighRDU
47%
RiyadhRUH
47%
Isle of ManIOM
41%
Sharm El SheikhSSH
41%
JakartaCGK
35%
KyivKBP
35%
VilniusVNO
35%
LanzaroteACE
29%
HartfordBDL
29%
CharlestonCHS
29%
Nottingham East MidlandsEMA
29%
Leeds BradfordLBA
29%
WellingtonWLG
29%
AberdeenABZ
24%
AlmatyALA
24%
Birmingham–ShuttlesworthBHM
24%
CardiffCWL
24%
Gold CoastOOL
24%
PaphosPFO
24%
Cambodia Phnom PenhPNH
24%
AntwerpANR
18%
Grantley Adams (Barbados)BGI
18%
Karachi Jinnah InternationalKHI
18%
NantesNTE
18%
ApiaAPW
12%
BaghdadBGW
12%
HumbersideHUY
12%
King County International (Seattle)BFI
6%
Krabi InternationalKBV
0%

Score Distribution

Percentile by Number Answered

Percent of People with Each Score

Your Score History

You have not taken this quiz